| 000 -LEADER |
| fixed length control field |
00712nam a22001337a 4500 |
| 040 ## - CATALOGING SOURCE |
| Transcribing agency |
RUA |
| 082 ## - DEWEY DECIMAL CLASSIFICATION NUMBER |
| Classification number |
VEM PEO 2022 B1.402 Or.1 |
| 100 ## - MAIN ENTRY--AUTHOR NAME |
| Personal name |
PEOU PISITH, ពៅ ពិសិដ្ឋ |
| 245 ## - TITLE STATEMENT |
| Title |
Gastro-intestinnaal parasites in chicken at robas mongk ol commune, moung ruessei district, battambang province, បរាសិតក្នុងប្រដាប់រំលាយអាហារមាន់នៅឃុំរបស់មង្គល ស្រុកមោងឬស្សី ខេត្តបាត់ដំបង |
| 260 ## - PUBLICATION, DISTRIBUTION, ETC. (IMPRINT) |
| Place of publication |
PHNOM PENH |
| Name of publisher |
RUA |
| Year of publication |
2022 |
| 300 ## - PHYSICAL DESCRIPTION |
| Number of Pages |
ix, |
| Other physical details |
ill, |
| Dimensions |
29cm, |
| 856 ## - ELECTRONIC LOCATION AND ACCESS |
| Uniform Resource Identifier |
https://drive.google.com/file/d/1A7Fj1gRn8c6e-x_EM2A5shKugg7acCZp/view?usp=sharing |
| 942 ## - ADDED ENTRY ELEMENTS (KOHA) |
| Koha item type |
VEM |
| 952 ## - LOCATION AND ITEM INFORMATION (KOHA) |
| Withdrawn status [LOCAL, KOHA] |
0 |
| 952 ## - LOCATION AND ITEM INFORMATION (KOHA) |
| Withdrawn status [LOCAL, KOHA] |
0 |
| 952 ## - LOCATION AND ITEM INFORMATION (KOHA) |
| Withdrawn status [LOCAL, KOHA] |
0 |